000 00318 a2200145 4500
001 157264
040 _cEscola São Tomás de Aquino
240 1 0 _aA festa no céu
_lpor
245 1 0 _aA festa no céu
300 _a29 p.
362 0 _a2005
440 1 _aMelhoramentos
697 _a*LITERATURA INFANTO
942 _cBK
999 _c157264
_d157264